000 00468nam a2200181 a 4500
001 23196
003 CO-ViMGA
008 141112s2004 ck r 000 u spa d
020 _a9789588297873
040 _aCO-ViMGA
_bspa
_cCO-ViMGA
082 0 4 _a346.07 A511d
100 1 _aAlban Oviedo, Jorge
_933424
245 1 0 _aDerecho privado y globalizacion
260 _aColombia :
_bIbaƱez
300 _a630p.
650 1 4 _aCONTRATOS - LEGUISLACION
_933425
942 _2ddc
_cBK
999 _c31449
_d31449